000 00709nam a22002177a 4500
003 OSt
005 20251121095707.0
008 251121b |||||||| |||| 00| 0 eng d
020 _a978012804526
040 _aDWCL-Main lib
_cOC
082 _aCirc. 363.2596 S191d 2016
100 _aSammon, John
245 _aDigital Forensics :
_bthreatscape and best practices
_cSammon, John
260 _aWaltham, MA:
_bSyngress in an imprint of Elsevier ,
_cc2016.
300 _axxi, 160 pages :
_billustrations ;
_c24 cm.
504 _aIncludes index.
650 _21. Computer crimes-- Investigation.
650 _22. Digital forensic science.
650 _23. Forensics sciences.
942 _2ddc
_cBK-CIRC
_kCirc.
_n0
999 _c5968
_d5968